000 00507nam a22001817a 4500
005 20251108171853.0
008 250721s1991 xx 000 0 ara d
082 1 4 _a956.062/عبد
100 1 _aحتاملة، عبد الكريم عبده
245 1 0 _aالبنية الإدارية للدولة الغزنزية /
264 1 _aعمان :
_c1991.
300 _a158ص
650 1 7 _aالغزنويون
650 1 7 _aتاريخ
650 1 7 _aالعباسيون
942 _2ddc
_cBK
999 _c64740
_d64740